00650nam a22001577a 4500020001600000040001600016082001300032100002600045245017900071260003500250300002700285650004600312942001300358999001900371952010200390 qHard Cover. cSINES-NUST. a004bNAS aFatima Naseer.990606 aEffect of Doping on Optoelectronic, Magnetic and Photocatalytic Properties of MoSe2 TMDs via Surface Adsorption:bA Computational Band Structure Engineering /cNaseer, Fatima aIslamabad:bSINES-NUST,c2022. a89 p. :bill. ;c30cm. xMS-Computational Science and Engineering. 2ddccTHE c588762d588762 00102ddc4070aRCMSbRCMScTHEd2022-03-15l0o004 NASpRCMS003315r2022-03-15w2022-03-15yREF